000 00462nam a22001937a 4500
003 MPLRDC
005 20220104113928.0
008 210129b ||||| |||| 00| 0 eng d
020 _a957-560-214-5
082 _a848.2 QJ v.9 c.2
100 _a琦君著
245 _a妈妈银行
_c
250 _a初版三印
260 _a
_b九歌出版社
_c1992
300 _b
490 _a九歌文库;338
650 _a现代别集
942 _cBK
_o848.2 QJ v.9 c.2
999 _c3455
_d3445